000 01361cam a22002651 4500
001 pa 68000106
003 DLC
005 20260227111857.0
008 811028s1966 dcu 000 0 spa
010 _apa 68000106
040 _aDLC
_cDLC
_dDLC
041 0 _aspaengfrepor
050 0 0 _aF1402
_b.A169 OEA/Ser.A/13 (SEPF)
_aS401
082 0 0 _a341/.02635
_a341.7/6757/0265
_219
130 0 _aConvention on the Inter-American Institute of Agricultural Sciences.
245 0 0 _aConvención sobre el Instituto Interamericano de Ciencias Agrícolas y su Protocolo de enmienda abierto a la firma en la Unión Panamericana el 15 de enero de 1944 y el 1⁰. de diciembre de 1958, respectivamente.
_bConvention on the Inter-American Institute of Agricultural Sciences and the Protocol of amendment opened for signature at the Pan American Union on January 15, 1944 and December 1, 1958, respectively.
260 _aWashington,
_bUnión Panamericana,
_c1966.
300 _a63 p.
_c23 cm.
490 1 _aSerie sobre tratados ;
_v12
490 1 _aOEA documentos oficiales ;
_vOEA/Ser.A/13 (SEPF)
500 _aSpanish, English, Portuguese, and French.
610 2 0 _aInter-American Institute of Agricultural Sciences.
830 0 _aTreaty series (Organization of American States. General Secretariat) ;
_vno. 12.
830 0 _aOAS official records ;
_vOEA/Ser.A/13 (SEPF)
999 _c51629
_d51629